| 000 | 01504nam0a22003251 4500 | ||
|---|---|---|---|
| 001 | rc\119402 | ||
| 005 | 20021216135121.4 | ||
| 010 |
_a5-201-13196-4 _9500 |
||
| 035 | _a(NLR Aleph) 005377278 | ||
| 090 |
_a7063067 _c7063067 |
||
| 100 | _a20021216d1994 u |0rusy50 ca | ||
| 101 | 0 | _arus | |
| 102 | _aRU | ||
| 105 | _aa ||||||||| | ||
| 200 | 1 |
_aАванг Семерах Муда _eМалайское сказание, записанное [и пер. Б.Б. Парникелем] от Сидина бин Далиба _f[Предисл. и примеч. пер.] _gИн-т мировой лит. им. А.М. Горького, Рос. АН |
|
| 210 |
_aМ. _cНаследие _d1994 |
||
| 215 |
_a79, [1] с. _cил. _d20 |
||
| 300 | _aНа обл. авт. не указан | ||
| 300 | _aТекст сказания парал.: малайский, рус. | ||
| 300 | _aРез.: англ. | ||
| 320 | _aБиблиогр.: с. 76-79 | ||
| 320 | _aБиблиогр. в примеч.: с. 14 | ||
| 320 | _aВ прил. помещ. крат. пересказы др. версий сказания, а также ст. Б.Б. Парникеля "Ранние публикации произведений малайского народного эпоса" | ||
| 700 | 0 | _aСидин бин Далиб | |
| 702 | 1 |
_aПарникель _bБ. Б. _gБорис Борисович _4570 |
|
| 801 | 0 |
_aRU _bNLR _gpsbo |
|
| 801 | 1 |
_aRU _bELAR _2rusmarc |
|
| 852 |
_aNLR _j95-4/3244 |
||
| 942 | _cBOOK | ||
| 980 | _aNB | ||